| 000 | 01053cad a22002055a 4500 | ||
|---|---|---|---|
| 001 | L154568 | ||
| 008 | 111222s2011 xxk f 000 0 eng d | ||
| 035 | _a(Sirsi) u154568 | ||
| 041 | 0 | _aeng | |
| 110 | 2 |
_aUnited Kingdom _bDepartment for Environment, Food and Rural Affairs |
|
| 245 | 0 | 0 |
_aEmissions of air pollutants in the UK, 1970 to 2010 _h[electronic resource] |
| 260 | _c2011 | ||
| 490 | 0 | _aDepartment for Communities and Local Government Statistical Release | |
| 520 | _aNational statistics on emission of air pollutants in the UK. These show the UK has met current international targets to reduce total emissions by 2010 of four air pollutants, ammonia, sulphur dioxide, volatile organic compounds and nitrogen oxides. | ||
| 590 | _aKA | ||
| 651 | 4 | _aUnited Kingdom | |
| 690 | _aENVIRONMENTAL AND LAND CONSULTANCY-ENVIRONMENTAL MANAGEMENT | ||
| 856 | 4 | 0 |
_uhttps://www.defra.gov.uk/statistics/files/Statistical-Release-Emissions-of-air-pollutants-in-the-UK-1970-2010-UK.pdf _zView the item free of charge at www.defra.gov.uk |
| 942 | _n0 | ||
| 999 |
_c113041 _d113041 |
||